| 000 | 02263ncm0a2200397 4500 | ||
|---|---|---|---|
| 001 | RU\NLR\ONIZ\218659 | ||
| 005 | 20250626062642.0 | ||
| 013 | _a979-0-706428-27-7 | ||
| 021 |
_aRU _b16-269н _916-18н |
||
| 035 | _a(NLR Aleph) 011415150 | ||
| 090 |
_a11580460 _c11580460 |
||
| 100 | _a20170410d2016 |||y0rusy50 ca | ||
| 101 | 0 | _arus | |
| 102 | _aRU | ||
| 125 | _azy | ||
| 145 | 0 | _ab | |
| 200 | 1 |
_aИзбранные произведения для фортепиано _bНоты _hТетр. 2 _fФ. Шопен _gсост. А. Веселовой _gоформ. А. Веселова |
|
| 210 |
_aСанкт-Петербург _cСоюз художников _d2016 |
||
| 215 |
_a71 с. _cил., портр. _d29 см |
||
| 313 | _aСистематизация документа проведена по изданию - Методика классифицирования музыкальных произведений (нотных изданий) по таблицам Библиотечно-библиографических классификаций : метод. рекомендации / Гос. б-ка СССР им. В.И. Ленина.- М., 1977. Индексу ББК методических рекомендаций присваивается код ББК для научных библиотек - LBC/SL | ||
| 606 | 1 |
_aФортепианная музыка зарубежная _z19 век _jНоты _2nlr_sh |
|
| 686 |
_aЩ954.2(4Фр)я44 _vLBC/SL _2rubbk |
||
| 700 | 1 |
_9z04790 _aШопен _bФ. (. _f1810-1849 _gФредерик (Францишек) _4230 |
|
| 702 | 1 |
_9z05790 _aВеселова _bА. И. _gАнна Ивановна _4220 _7ca |
|
| 702 | 1 |
_9z06790 _aВеселов _bА. В. _cхудожник-оформитель _gАлександр Владимирович _4040 _7ca |
|
| 790 | 1 |
_9z04700 _aChopin _bF. (. _f1810-1849 _gFrédéric (François) _4230 |
|
| 790 | 1 |
_9z05702 _aVeselova _bA. I. _gAnna Ivanovna _4220 _7ba |
|
| 790 | 1 |
_9z06702 _aVeselov _bA. V. _gAleksandr Vladimirovič _4040 _7ba |
|
| 801 | 0 |
_aRU _bNLR _c20170410 _gPSBO |
|
| 801 | 1 |
_aRU _bNLR _c20170410 _2rusmarc |
|
| 801 | 2 |
_aRU _bNLR _c20190630 |
|
| 852 |
_aNLR _bМ _jК-3/25097(2) _pМОЭ 2016-18н/269н _t1 |
||
| 942 | _cSCORE | ||
| 980 | _aNB | ||
| 980 | _aONIZ | ||